Jewelers of the ummah: (Record no. 1435611)

MARC details
000 -LEADER
fixed length control field 00873 a2200253 4500
005 - DATE AND TIME OF LATEST TRANSACTION
control field 20251121153357.0
008 - FIXED-LENGTH DATA ELEMENTS--GENERAL INFORMATION
fixed length control field 251121b |||||||| |||| 00| 0 eng d
020 ## - INTERNATIONAL STANDARD BOOK NUMBER
International Standard Book Number 9781804293119 (hbk)
037 ## - SOURCE OF ACQUISITION
Terms of availability TB
040 ## - CATALOGING SOURCE
Original cataloging agency AL
Transcribing agency AL
041 ## - LANGUAGE CODE
Source of code eng
Language code of text/sound track or separate title eng
084 ## - COLON CLASSIFICATION NUMBER
Classification number V671(Q5).N R4
100 ## - MAIN ENTRY--PERSONAL NAME
Personal name Azoulay, Ariella Aisha
9 (RLIN) 821629
245 ## - TITLE STATEMENT
Title Jewelers of the ummah:
Remainder of title a potential history of the jewish muslim world
260 ## - PUBLICATION, DISTRIBUTION, ETC.
Place of publication, distribution, etc. London, UK;
-- New York, USA:
Name of publisher, distributor, etc. Verso,
Date of publication, distribution, etc. 2024.
300 ## - PHYSICAL DESCRIPTION
Extent ix, 646p.
365 ## - TRADE PRICE
Price amount 30.00
Currency code UKP
650 ## - SUBJECT ADDED ENTRY--TOPICAL TERM
Topical term or geographic name entry element Mizrahim - Algeria
9 (RLIN) 852857
650 ## - SUBJECT ADDED ENTRY--TOPICAL TERM
Topical term or geographic name entry element Jews - Algeria - History
9 (RLIN) 852858
650 ## - SUBJECT ADDED ENTRY--TOPICAL TERM
Topical term or geographic name entry element Jews - Algeria
9 (RLIN) 852859
650 ## - SUBJECT ADDED ENTRY--TOPICAL TERM
Topical term or geographic name entry element Algeria - History
9 (RLIN) 852860
942 ## - ADDED ENTRY ELEMENTS (KOHA)
Koha item type Textbook
Source of classification or shelving scheme Colon Classification (CC)
Suppress in OPAC No
Classification part V671(Q5).N R4
Call number suffix AL
Holdings
Withdrawn status Lost status Source of classification or shelving scheme Damaged status Not for loan Home library Current library Date acquired Source of acquisition Cost, normal purchase price Inventory number Total Checkouts Full call number Barcode Date last seen Cost, replacement price Price effective from Koha item type
    Colon Classification (CC)     Arts Library Arts Library 2025-10-29 29/ Excel Media 2867.52 6504 & 2025-10-01   V671(Q5).N R4 AL1804779 2025-10-29 3584.40 2025-10-29 Textbook
Copyright @ Delhi University Library System